000 02212cam a22004934a 4500
001 12871757
003 OSt
005 20260416072535.0
008 020726s2003 enk b 001 0 eng
010 _a 2002031129
020 _a1842770969
_qcased
020 _a1842770977
_qlimp
020 _a9781842770962
_q(cased)
020 _a9781842770979
_q(limp)
035 _a12871757
040 _aDLC
_cDLC
_dDLC
042 _apcc
043 _af------
050 0 0 _aHD6077.2.A35
_bW66 2003
082 0 0 _a333.76/082/0967
_221
245 0 0 _aWomen and land in Africa :
_bculture, religion and realizing women's right's /
_cedited by L. Muthoni Wanyeki.
260 _aLondon ;
_aNew York :
_bZed Books ;
_aNew York, NY :
_bdistributed in the USA exclusively by Palgrave,
_cc2003.
300 _axv, 384 p. ;
_c24 cm.
336 _atext
_btxt
_2rdacontent
337 _aunmediated
_bn
_2rdamedia
338 _avolume
_bnc
_2rdacarrier
500 _aFirst published in South Africa: Claremont, South Africa : David Philip Publishers.
504 _aIncludes bibliographical references and index.
650 0 _aWomen in agriculture
_zAfrica
_vCase studies.
650 0 _aLand tenure
_zAfrica
_vCase studies.
650 0 _aRight of property
_zAfrica
_vCase studies.
650 0 _aWomen and land use planning
_zAfrica
_vCase studies.
650 0 _aLand use, Rural
_zAfrica
_vCase studies.
650 0 _aWomen's rights
_zAfrica
_vCase studies.
655 7 _aCase studies.
_2lcgft
_0https://id.loc.gov/authorities/genreForms/gf2017026140
700 1 _aWanyeki, Lynne Muthoni,
_d1972-
856 4 2 _3Contributor biographical information
_uhttp://www.loc.gov/catdir/bios/hol052/2002031129.html
856 4 2 _3Publisher description
_uhttp://www.loc.gov/catdir/description/hol031/2002031129.html
856 4 1 _3Table of contents only
_uhttp://www.loc.gov/catdir/enhancements/fy0629/2002031129-t.html
906 _a7
_bcbc
_corignew
_d1
_eocip
_f20
_gy-gencatlg
942 _2lcc
_cBK
_n0
999 _c23693
_d23692